Statistics for Best Football(Soccer)Players of All Time

Click here to take the quiz!

General Stats

  • This quiz has been taken 108 times
  • The average score is 12 of 16

Answer Stats

HintAnswer% Correct
Nicknamed "The King" and labeled "the greatest" by FIFAPele
99%
Portuguese champion who has won 5 Ballon d'orsCristiano Ronaldo
97%
Argentine player who managed win a World Cup victory in 2022Lionel Messi
96%
Famous for the "Hand of God" goal against England in 1986Diego Maradona
93%
French soccer player who helped France win their first World Cup victory in 1998Zinedine Zidane
87%
Hungarian legend who scored 84 goals in 85 games in international competitionsFerenc Puskas
78%
Regarded as one of the greatest defenders of all time; played for AC MilanPaolo Maldini
76%
Nicknamed the "Black Panther", this Portguese player hammered 733 goals in 745 matchesEusebio
73%
Incredible dribbler who played for Northern IrelandGeorge Best
71%
Argentine player for Real Madrid who won five European CupsAlfredo di Stefano
69%
Attacking midfielder from France who won the Ballon d'Or three years in a rowMichel Platini
66%
A special turn is named after him. Credited with creating "tiki-taka"Johan Cruyff
64%
Regarded as the greatest goalkeeper of all time. Played for the USSRLev Yashin
59%
Nicknamed "R9", this Brazilian player helped win the 2002 World CupRonaldo Nazario
59%
German player who is the only defender to win the Ballon d'Or twice.Franz Beckenbauer
46%
Regarded as one of the greatest dribblers ever, despite a deformity in one of his legs.Garrincha
41%

Score Distribution

Percentile by Number Answered

Percent of People with Each Score

Your Score History

You have not taken this quiz